000 00348nam a2200133Ia 4500
008 151001s9999||||xx |||||||||||||| ||und||
100 _aबालशौरी रेड्डी
245 _aहर हर गंगे
250 _a1
260 _bसाहित्य भवन
260 _c2007
300 _a64
365 _b28
999 _c990889
_d990886